QCM : Trouvez le siècle (16ème au 20ème siècle) - Statistiques

Statistiques générales
  • Ce quiz a été pris 50 fois
  • Le résultat moyen est 10 sur 20
Statistiques - réponses
Question Réponse % Correct
Louis XVI est Marie Antoinette sont guillotinés 18ème siècle
74%
Louis Pasteur découvre le vaccin contre la rage 19ème siècle
74%
Invention du cinéma par les frères Louis et Auguste Lumière 19ème siècle
71%
Sacré de l'empereur Napoléon Bonaparte 19ème siècle
71%
Début de la guerre d'indépendance des Etats Unis 18ème siècle
68%
Invention du téléphone par Graham Bell 19ème siècle
63%
Publication des fables de La Fontaine 17ème siècle
61%
Michel-Ange réalisé la fresque du plafond de la Chapelle Sixtine 16ème siècle
55%
Mozart compose la flûte enchantée 18ème siècle
55%
Grande épidémie de grippe espagnole conduisant au décès de 2.5% de la population mondiale 20ème siècle
53%
Naissance d'Édith Piaf 20ème siècle
53%
Décès de Léonard de Vinci 16ème siècle
42%
Serie de procès pour sorcellerie à Salem en Amérique du Nord 17ème siècle
32%
Colonisation de la Guyane par la France 18ème siècle
32%
Marie et Pierre Curie découvrent le Radium 19ème siècle
32%
Assassinat du mystique et guérisseur russe Raspoutine 20ème siècle
32%
Les frères Wright réalisent le premier vol en avion habité, motorisé et contrôlé 20ème siècle
29%
Isaac Newton formule la loi relative à la gravitation universelle 17ème siècle
24%
Début de la construction encore en cours de la Sagrada Familia 19ème siècle
18%
Couronnement de Georges V en tant que Roi de l'empire britannique 20ème siècle
18%
Aucun quiz correspondant
Distribution des résultats
% des personnes avec chaque résultat
Percentile par nombre de réponses
Votre historique - résultats
Vous n’avez pas pris ce quiz